000 00578nam a22002057a 4500
005 20170124110102.0
010 _aA-812930
020 _c225.00
_a8174360158
035 _aA-812930
037 _bCen Lib/Ret
040 _aDPL
_bEN
082 _a954.96
_bGLO
245 _aGlorious Garhwal /
_cedited by Ganesh Saili
260 _aNew Delhi
_bRoli Books
_c1995
270 _aM-75, G. K. II Market
_bNew Delhi
_e110048
300 _a192p.
_c22cm(Hb)
650 _aGarwāl (Inde)
_927343
700 _a Saili, Ganesh
_927344
942 _2ddc
_cEN
_h954.96
_mGLO
999 _c129769
_d129769